MARC

LEADER 00000nam0a2200000 4500
001 301863
005 20231102001437.0
020 |a RU  |b 83-17099 
035 |a (RuTPU)RU\TPU\book\327054 
090 |a 301863 
100 |a 20150817d1983 km y0rusy5003 ca 
101 0 |a rus 
102 |a LV 
105 |a a z 001zy 
200 1 |a Стохастическая цифровая обработка непрерывных сигналов  |f И. Я. Билинский, А. К. Микелсон  |g Академия наук Латвийской ССР (АН ЛатССР), Институт электроники и вычислительной техники (ИЭиВТ) 
210 |a Рига  |c Зинатне  |d 1983 
215 |a 292 с.  |c ил. 
320 |a Библиогр.: с. 278-289 
606 1 |a Электрические сигналы  |x Обработка  |2 stltpush  |3 (RuTPU)RU\TPU\subj\27550  |9 51286 
610 1 |a непрерывные сигналы 
610 1 |a цифровая обработка 
610 1 |a стохастическая обработка 
610 1 |a преобразования 
610 1 |a дискретизация 
610 1 |a квантование 
610 1 |a случайные процессы 
610 1 |a случайные сигналы 
675 |a 621.372  |v 3 
700 1 |a Билинский  |b И. Я.  |g Ивар Янович 
701 1 |a Микелсон  |b А. К.  |g Арнолд Карлович 
712 0 2 |a Академия наук Латвийской ССР (АН ЛатССР)  |b Институт электроники и вычислительной техники (ИЭиВТ)  |2 stltpush  |3 (RuTPU)RU\TPU\col\6601 
801 0 |a RU  |b RuMRKP  |c 19950704  |g psbo 
801 1 |a RU  |b 63413507  |c 20150817 
801 2 |a RU  |b 63413507  |c 20190613  |g RCR 
942 |c BK